MDQL
is popping MORE tags! Check the
thread
!
Quizzes
Events
Quiz Creation
Community
Videos
Private Events
Remove Ads
Sign In
Join for FREE
Feedback
Dark Mode
Quiz Categories
Sports
Geography
Music
Movies
Television
Just For Fun
Miscellaneous
History
Literature
Language
Science
Gaming
Entertainment
Religion
Holiday
For Kids
Quiz Lab
Recent
Popular Today
Quiz Kudos Today
Editor Picks
Curator Picks
Quizzes by...
Day
Popularity
Type
Ratings
Length
Year
Community
Subscriptions
Recent Discussions
Orange Saloon
Badges
Playlists
Quests
Create
Leaderboards
Showdown
Live 5
Trivia Bingo
Activity
Puzzle Library
Sporcle Events
Private Events
Virtual Trivia
Globe League
Become a Host
Pub Owners
SporcleCon
Opinionation
Our Games
Videos
Blog
Mobile Apps
Partnerships
Remove Ads and Go Orange
Feedback
Music
Pop Music
The Beatles
Song
Album
Lyrics
Bands
Singers
Artist
Clip
Rock
Rap
Classical
Billboard
Country Music
Kpop
Taylor Swift
Music
Pop Music
The Beatles
Song
Album
Lyrics
Bands
Singers
Artist
Clip
Rock
Rap
Classical
Billboard
Country Music
Kpop
Taylor Swift
Random Quiz
Search Sporcle
×
Quiz Lab
Quiz Lab
Music
Song
Type in answers that appear in a list
Type in answers that appear in a list
Classic
Best Score? Go Orange.
UK 1960s number one artists Stats
Can you name the artists who had UK number 1 singles in the 60s?
By
bumfish
20m
114 Questions
1,117 Plays
1,117 Plays
1,117 Plays
Comments
Comments
Give Quiz Kudos
Give Quiz Kudos
-
- Ratings
hide this ad
More Info
Replay
Link that replays current quiz
Next Quiz
Link to next quiz in quiz playlist
You Got
0%
They Got
Avg Score
63%
Avg Friend Score
Upgrade to see
Score Distribution
Jump to the score distribution portion of the page
Score
0/114
Timer
20:00
0
Plays Today
Songs
Artist
% Correct
Get Back
The Beatles with Billy Preston
97.3%
From Me to You; She Loves You; I Want to Hold Your Hand; Can't Buy Me Love; A Hard Day's Night; I Feel Fine; Ticket to Ride; Help!; Day Tripper; Paperback Writer; etc.
The Beatles
97.1%
Good Vibrations; Do It Again
The Beach Boys
93.7%
It's Now or Never; Are You Lonesome Tonight?; Wooden Heart; Surrender; Little Sister; Rock-
A-
Hula Baby; Good Luck Charm; She's Not You; Return To Sender; Devil in Disguise; etc.
Elvis Presley
93.3%
House of the Rising Sun
The Animals
92.7%
Somethin' Stupid
Nancy Sinatra and Frank Sinatra
91.8%
It's All Over Now; Little Red Rooster; The Last Time; (I Can't Get No) Satisfaction; Get Off of My Cloud; Paint It, Black; Jumpin' Jack Flash; Honky Tonk Women
The Rolling Stones
91.2%
It's Not Unusual; Green, Green Grass of Home
Tom Jones
89.4%
Please Don't Tease; I Love You; The Young Ones; The Next Time/
Bachelor Boy; Summer Holiday
Cliff Richard and the Shadows
89.3%
Strangers in the Night
Frank Sinatra
89%
These Boots Are Made for Walkin'
Nancy Sinatra
88.6%
Massachussetts; I've Gotta Get a Message to You
Bee Gees
88.1%
The Minute You're Gone; Congratulations
Cliff Richard
87.1%
Only the Lonely (Know How I Feel); It's Over; Oh, Pretty Woman
Roy Orbison
87%
I Heard It Through the Grapevine
Marvin Gaye
86%
You Really Got Me; Tired of Waiting for You; Sunny Afternoon
The Kinks
85.8%
I'm a Believer
The Monkees
85.3%
I Got You Babe
Sonny & Cher
84.7%
Baby Love
The Supremes
83.3%
Do Wah Diddy Diddy; Pretty Flamingo; Mighty Quinn
Manfred Mann
81.6%
Mr. Tambourine Man
The Byrds
81.6%
Sugar, Sugar
The Archies
80.8%
Anyone Who Had a Heart; You're My World (Il Mio Mondo)
Cilla Black
79.2%
Two Little Boys
Rolf Harris
79%
You've Lost That Lovin' Feelin'
The Righteous Brothers
78.7%
Albatross
Fleetwood Mac
77.7%
Apache; Kon-
Tiki; Wonderful Land; Dance On!
The Shadows
77.6%
Glad All Over
The Dave Clark Five
77.4%
You Don't Have to Say You Love Me
Dusty Springfield
77.4%
How Do You Do It?; I Like It; You'll Never Walk Alone
Gerry & The Pacemakers
77.3%
Cathy's Clown; Walk Right Back/
Ebony Eyes; Temptation
The Everly Brothers
77.1%
(There's) Always Something There to Remind Me; Long Live Love; Puppet on a String
Sandy Shaw
76.5%
I'm Into Something Good
Herman's Hermits
75.2%
Reach Out I'll Be There
Four Tops
74.5%
Runaway
Del Shannon
73.1%
A Whiter Shade of Pale
Procol Harum
70.8%
Come Outside
Mike Sarne with Wendy Richard
70.7%
Bad Moon Rising
Creedence Clearwater Revival
70.5%
Songs
Artist
% Correct
With a Little Help from My Friends
Joe Cocker
70.4%
Lily the Pink
The Scaffold
70.3%
Good Timin'
Jimmy Jones
69.8%
I'll Never Find Another You; The Carnival Is Over
The Seekers
69.8%
Fire
Crazy World of Arthur Brown
69.8%
Release Me; The Last Waltz
Engelbert Humperdinck
68.7%
Do You Love Me
Brian Poole and the Tremeloes
68.3%
Sweets for My Sweet; Needles and Pins; Don't Throw Your Love Away
The Searchers
67.7%
Diamonds
Jet Harris and Tony Meehan
67%
Those Were the Days
Mary Hopkin
66.4%
Israelites
Desmond Dekker & The Aces
66.1%
I'm Alive
The Hollies
65.2%
Ob-
La-
Di, Ob-
La-
Da
Marmalade
64.7%
Silence is Golden
The Tremeloes
64.6%
Sailor; This Is My Song
Petula Clark
63.3%
You Don't Know; Walkin' Back to Happiness
Helen Shapiro
62.9%
(If Paradise Is) Half as Nice
Amen Corner
62.9%
The Legend of Xanadu
Dave Dee, Dozy, Beaky, Mick & Tich
62.8%
Make It Easy on Yourself; The Sun Ain't Gonna Shine Anymore
The Walker Brothers
62.7%
Keep on Running; Somebody Help Me
The Spencer Davis Group
62.3%
My Old Man's a Dustman
Lonnie Donegan
61.8%
San Francisco (Be Sure to Wear Flowers in Your Hair)
Scott McKenzie
61.2%
Tears
Ken Dodd
61.1%
Go Now
The Moody Blues
60.9%
Je t'aime... moi non plus
Jane Birkin and Serge Gainsbourg
60.2%
Distant Drums
Jim Reeves
59.6%
In The Year 2525 (Exordium and Terminus)
Zager and Evans
59.3%
I Remember You; Lovesick Blues; The Wayward Wind; Confessin' (That I Love You)
Frank Ifield
58.6%
Poor Me
Adam Faith
58.5%
Blackberry Way
The Move
58.4%
Where Do You Go To (My Lovely)?
Peter Sarstedt
58.1%
A World Without Love
Peter & Gordon
57.8%
Yeh Yeh; The Ballad of Bonnie and Clyde
Georgie Fame
57.7%
Telstar
The Tornados
57.2%
Bad to Me; Little Children
Billy J. Kramer & The Dakotas
57.1%
Moon River
Danny Williams
56.8%
Young Girl
Gary Puckett & The Union Gap
56.3%
Three Steps to Heaven
Eddie Cochran
54.3%
Songs
Artist
% Correct
All or Nothing
Small Faces
54.2%
Baby Come Back
The Equals
54.2%
Something in the Air
Thunderclap Newman
54.2%
King of the Road
Roger Miller
52.9%
Baby Now That I've Found You
The Foundations
51.5%
Mony Mony
Tommy James and the Shondells
51.1%
Nut Rocker
B. Bumble and the Stingers
50.1%
Dizzy
Tommy Roe
50.1%
Everlasting Love
Love Affair
49.9%
Out of Time
Chris Farlowe
49.4%
Have I the Right?
The Honeycombs
49.1%
With a Girl Like You
The Troggs
49%
Diane
The Bachelors
48.8%
Poetry in Motion
Johnny Tillotson
48.7%
Concrete and Clay
Unit 4 + 2
48%
Getaway
Georgie Fame and the Blue Flames
47.2%
Reach for the Stars/
Climb Ev'ry Mountain
Shirley Bassey
46.6%
I Can't Stop Loving You
Ray Charles
45%
Let the Heartaches Begin
Long John Baldry
44.6%
I'll Never Fall in Love Again
Bobby Gentry
44.6%
Michelle
The Overlanders
44.5%
I Pretend
Des O'Connor
43.7%
Running Bear
Johnny Preston
43.4%
What Do You Want to Make Those Eyes at Me For?
Emile Ford and the Checkmates
43.2%
The Good, the Bad and the Ugly
Hugo Montenegro
42.7%
Cinderella Rockefella
Esther and Abi Ofarim
42.6%
Why; Do You Mind?
Anthony Newley
41.9%
Blue Moon
The Marcels
41.4%
Johnny Remember Me
John Leyton
40.6%
Juliet
The Four Pennies
39.6%
Well I Ask You
Eden Kane
38.4%
Tell Laura I Love Her
Ricky Valance
36.6%
Tower of Strength
Frankie Vaughan
35.8%
Michael
The Highwaymen
31.8%
You're Driving Me Crazy
The Temperance Seven
31.3%
On the Rebound
Floyd Cramer
30.2%
Where Are You Now (My Love)
Jackie Trent
29%
Starry Eyed
Michael Holliday
28.6%
Quiz Playlist
Details
Report
Send in Message
Add To Playlist
More Info:
Which artists had UK number one singles in the 1960s?
Classic:
Type in answers that appear in a list
Quiz Source
Last Updated: Feb 16, 2017
Quiz Scoreboard
CHALLENGE
Sign Up to Join the Scoreboard
Show All
Scores
Hide
Comments
May contain spoilers
Recently Published
Holiday 10x10 Sorting Gallery
by lukepisani3
Holiday
15m
Two Season TV Shows II
by 123Four
Television
10m
Image Sorting: Flags VI
by Barbecue
Geography
2m
More to Explore
Quiz From the Vault
Featured Blog Post
14 Easter Pick-up Lines to Find Eggs With
hide this ad
You Might Also Like...
Tags
Artist Quiz
Numbers Quiz
Song Quiz
1960
1960s
Single
Today's Top Quizzes in Music
Browse Music
hide this ad
Today's Top Quizzes in Song
Browse Song
Top Contributed Quizzes in Music
1
5X2 Blitz: Bands II
2
5X2 Blitz: The Beatles
3
Taylor Swift All Songs (2024)
4
5X2 Blitz: Billboard
5
5X2 Blitz: Billboard II
6
Music Artist by Three 2010s hits
7
5X2 Blitz: Album
8
5X2 Blitz: Rock
9
5X2 Blitz: Singers
10
5X2 Blitz: Lyrics
Explore More
Trending Topics
NBA
Disney
Marvel
Crossword
Anime
Harry Potter
Kpop
Song
WWE
Soccer
The Office
Puzzle
Country
Pokémon
NFL
hide this ad
More By:
bumfish
Quiz
Plays
Rating
Category
Featured
Created
UK 1980s number one artists
4,349
4.54
Music
Dec 8, 2010
National Anthems - Europe
4,155
4.50
Geography
Nov 18, 2010
Animals on English football club badges
2,530
3.91
Sports
Dec 30, 2010
UK 1990s number one artists
1,705
4.75
Music
Dec 5, 2010
Mottos on English football club badges
1,643
4.80
Sports
Dec 30, 2010
Go to Creator's Profile
Score Distribution
Quiz Creator Spotlight
bumfish
Follow
Send a Message
Quizzes Created
-
Created Quiz Play Count
-
More By This Creator
Popular Quizzes Today
1
Find the US States - No Outlines Minefield
2
Colored Red Africa Blitz
3
Find the 'City' Movie
4
The Countries of the World
5
5x2 Blitz: Bands
6
Find the Countries of Europe - No Outlines Minefield
7
Find the US States
8
US States
More Music Quizzes
Classical Music Clips - Piano Concertos (Medium/Hard)
Curator's Pick
Trending Quizzes
Colored Red Europe Blitz I
Colored Red Africa Blitz II
Colored Red Europe Blitz II
Even More Two Season TV Shows
Colored Red Africa Blitz III
Recently Updated
Odd Team Out - Big 4 Players
pecheneg
Quick Pick: 20 Twenties
pecheneg
March Madness Men's Triple Doubles
pecheneg
How Do You Spell That?
pecheneg
Godzilla Movies
pecheneg
Grab Bag: 4-10 Letters
pecheneg
2024 March Madness Bracket
pecheneg
Famous TV Couples
Peacemaker
Champions League XIs: Real Madrid
pecheneg
Largest US Cities 1790-2010
pecheneg
Trending Topics
Disney
NBA
Anime
Harry Potter
Crossword
Kpop
Marvel
The Office
Soccer
Puzzle
NFL
Pokémon
Song
WWE
Country
Your Account Isn't Verified!
In order to create a playlist on Sporcle, you need to verify the email address you used during registration. Go to your
Sporcle Settings
to finish the process.
Report this User
Report this user for behavior that violates our
Community Guidelines
.
Details:
Send Report
Go to the Sporcle.com Mobile Site →
Comments